000 00455nam a2200181 a 4500
001 4772
003 CO-ViMGA
008 141112s2004 ck r 000 u spa d
040 _aCO-ViMGA
_bspa
_cCO-ViMGA
082 0 4 _a160 D353
100 1 _aDeleuze, Gilles
_92928
245 1 0 _aLógica del sentido
260 _aBarcelona :
_bPaidós,
_c1994
300 _a329 p
490 _aPaidós básica, 46
650 1 4 _aLOGICA (FILOSOFIA)
_950565
942 _2ddc
_cBK
999 _c16779
_d16779